| 000 | 00631nam a22002057a 4500 | ||
|---|---|---|---|
| 003 | OSt | ||
| 005 | 20250719032026.0 | ||
| 008 | 250719b |||||||| |||| 00| 0 eng d | ||
| 020 | _a9789810696122 | ||
| 040 |
_aDWCL-Main lib _cOC |
||
| 082 | _aCirc. 620.103 H624e 2010 | ||
| 100 | _aR.C. Hibbeler | ||
| 245 |
_aEngineering mechanics : _bstatics/ _cR.C. Hibbeler |
||
| 250 | _aTwelfth edition. | ||
| 260 |
_aSingapore : _bPearson Education South Asia, _cc2010. |
||
| 300 |
_axv, 655 pages : _b illustrations ; _c24 cm. |
||
| 504 | _aIncludes index. | ||
| 650 | _a1. Statics. | ||
| 942 |
_2ddc _cBK-CIRC _eTwelfth edition. _kCirc. _n0 |
||
| 999 |
_c3785 _d3785 |
||